000 00328nam a2200145Ia 4500
008 191201s2010 xx 000 0 und d
082 _a342
_bBAI
100 _aBADI,R.V
245 0 _aIndian Constitution
250 _aRep
260 _aN. Delhi
_bVrinda Publications
_c2010
300 _a352
650 _aMBA
942 _2ddc
_cBK
999 _c4673
_d4673